| 000 | 00000nam##2200000za#4500 |
| 001 | 9.693838 |
| 003 | CaOODSP |
| 005 | 20210624233839 |
| 007 | cr ||||||||||| |
| 008 | 150407|2008||||xxc|||||o f|0| 0 eng|d |
| 040 | |aCaOODSP|beng |
| 043 | |an-cn--- |
| 086 | 1 |aT29-84/2008E-PDF |
| 110 | 1 |aCanada.|bTransport Canada. |bMarine Safety. |
| 245 | 10|aPlaces of refuge contingency plan. Atlantic Region (PORCP-ALT) |h[electronic resource] |
| 250 | |aEdition 1, 12 August 2008 |
| 260 | |aOttawa - Ontario : |bTransport Canada. |cc2008. |
| 300 | |a47p.|bcoloured maps, graphs, tables |
| 500 | |a"The Places of Refuge Contingency Plan (PORCP) applies to all situations where a ship is in need of assistance and requests a place of refuge within Canadian waters. This includes Canada’s internal waters, territorial sea and the Exclusive Economic Zone (EEZ). The PORCP also applies in the case where a ship is destined for Canada and has reported a problem (a defect, deficiency or a casualty). The PORCP does not apply to distress situations where the safety of life is involved. In such cases, established search and rescue procedures shall be followed."--Page 6 of 47. |
| 590 | |a11-01-Supp|b2011-01-11 |
| 775 | 08|tPlan d'urgence sur les lieux de refuge. Région de l'Atlantique (PUNLR-ATL) |w(CaOODSP)9.638036 |
| 856 | 40|ahttp://publications.gc.ca|qPDF|s4167 KB|uhttps://publications.gc.ca/collections/collection_2010/tc/T29-84-2008-eng.pdf |
| 986 | |aTP 14707 (08/2008) |